| 000 | 00638nam a2200241Ia 4500 | ||
|---|---|---|---|
| 003 | OSt | ||
| 005 | 20220928131038.0 | ||
| 006 | a|||||r|||| 00| 0 | ||
| 007 | ta | ||
| 008 | 220927b |||||||| |||| 00| 0 eng d | ||
| 024 | _a42515 | ||
| 037 | _cTextual | ||
| 040 |
_aSDCL _cSDCL _beng |
||
| 041 |
_2eng _aeng |
||
| 082 | _aS8, L6 | ||
| 100 |
_aHollander Edwin P _9476911 |
||
| 245 | 0 | _aPrinciples and methods of social psychology. | |
| 250 | _a3 | ||
| 260 |
_aNew York _b Oxford University Press _c1976 |
||
| 300 |
_axxiii,612p. _ccm. |
||
| 942 |
_hS8, L6 _cTEXL _2CC |
||
| 999 |
_c789356 _d789356 |
||